Collection management and development : issues in an electronic era : proceedings of the Advanced Collection Management and Development Institute, Chicago, Illinois, March 26-28, 1993

Contain includes: part one administrative aspects; part two impact of new technologies; part three financial issues

Saved in:
Bibliographic Details
Main Author: Johnson, Peggy
Format: Book
Language:Undetermined
Published: Chicago American Library Association 1994
Subjects:
Tags: Add Tag
No Tags, Be the first to tag this record!
Institutions: Trung tâm Học liệu Trường Đại học Cần Thơ
LEADER 00955nam a2200229Ia 4500
001 CTU_127074
008 210402s9999 xx 000 0 und d
082 |a 025.2 
082 |b J66 
100 |a Johnson, Peggy 
245 0 |a Collection management and development : 
245 0 |b issues in an electronic era : proceedings of the Advanced Collection Management and Development Institute, Chicago, Illinois, March 26-28, 1993 
245 0 |c edited by Peggy Johnson and Bonnie MacEwan 
260 |a Chicago 
260 |b American Library Association 
260 |c 1994 
520 |a Contain includes: part one administrative aspects; part two impact of new technologies; part three financial issues 
650 |a Research libraries,Collection development (Libraries) 
650 |x Collection development,Congresses,Congresses 
650 |z United States,United States 
904 |i Nguyên 
980 |a Trung tâm Học liệu Trường Đại học Cần Thơ